Archiatro Summo Benedicente! Dissertationem Therapeuticam De Remediis Antepilepticis. Ex Consensu Gratiosis Medicorum Ordinis In Illustri Philurea

Bibliographic Details
Main Author: Wendeland, Caspar (Author, Dissertant)
Corporate Author: Fleischer, Christoph (Lipsko, Nemecko) (Printer)
Other Authors: Rivinus, Augustus Quirinus, 1652-1723 (Thesis advisor), Fleischer, Christoph (Printer)
Format: Thesis Book
Language:Latin
PhysicalDescription:6 nečíslovaných listov 4°
Subjects:

MARC

LEADER 00000nam a2200000 4500
001 vtls011913766
003 SK-MaSNL
005 20260301225255.0
008 251112s1793 gw f 000 0 lat
015 |a SNBHFA1793 
040 |a SNKHF  |b slo  |c SNKHF  |e rda 
041 |a lat 
044 |a gw  |c DE 
072 7 |a 61  |x Lekárske vedy. Medicína  |2 konspekt 
080 |a 61  |2 2011 
080 |a (043.3)  |2 2011 
100 1 |a Wendeland, Caspar  |4 aut  |4 dis  |9 618620 
245 1 0 |a Archiatro Summo Benedicente! Dissertationem Therapeuticam De Remediis Antepilepticis. Ex Consensu Gratiosis Medicorum Ordinis In Illustri Philurea  |c Sub Praesidio Viri Nobilissimi atque Experientissimi Domini Augusti Quirini Rivini, Phil. & Med. Doctoris, Physiol. & Botanic. Professor. Publ. undiquaque Celeberrimi, ut & facult. Med. Assessoris gravissimi, Patroni ac Praeceptoris sui aestumatissimi Die XXII. Ian. Anno M.DC.XCII. H.L.Q.C. Publicae philiatrorum Censurae ; submittit Autor Caspar Wendeland. Elbingensis Prussus 
264 3 |a Lipsiae  |b Typis Christophori Fleischeri  |c Anno MDCXCII (1692) 
300 |a 6 nečíslovaných listov  |c 4° 
336 |a text  |b txt  |2 rdacontect 
337 |a bez média  |b n  |2 rdamedia 
338 |a zväzok  |b nc  |2 rdacarrier 
500 |a Vinety, ozdobné iniciálky s ozdobným pozadím na 5 riadkov, iniciálky na 3 riadky, kustody 
501 |a Príväzok 72. k: FINGER, Christian Gottfried. Disputatio Inauguralis De Dentitione Puerorum Difficili. Lipsiae: Literis Christoph. Fleischeri, 1694. 4°.  |5 SNK IC 144753 
502 |a Dizertačná práca (Doktor) -- Universität Leipzig, Lipsko, 1692 
508 |a Predslov 
510 4 |a VD18 90040503 
546 |a Latinčina  |b Kurzíva 
561 |a Z knižnice Učenej spoločnosti malohontskej.  |5 SNK IC 144753/prív.72 
650 0 7 |a medicína  |2 SNKPH  |9 899 
655 7 |a dizertácie  |2 SNKPH  |9 70277 
700 1 |a Rivinus, Augustus Quirinus,  |d 1652-1723  |4 ths  |9 361748 
700 1 |a Fleischer, Christoph  |4 prt  |9 349841 
710 2 |a Učená spoločnosť malohontská  |4 fmo  |9 205374 
710 0 |a Fleischer, Christoph (Lipsko, Nemecko)  |4 prt  |9 364242 
752 |a Nemecko  |d Lipsko 
852 |a snk  |b Historické fondy  |p IC 144753/prív.72 
958 |a DC 
958 |a MI 
999 |c 950302  |d 952232 
952 |t LXXIII. / MHC 1283  |a SNK  |b SNK  |c SNK_HF  |y PREZ  |7 0  |p 17A1357554  |o snkIC 144753/prív.72  |i snk2020/1428  |8 5  |0 0  |1 0  |4 0  |d 2020-01-28  |l 0  |r 2026-02-24 09:46:23  |w 2026-02-24